000
00247 a2200073 4500
245
0
_a
Analizator zniekształceń czasowych :
_b
Wstępny projekt koncepcyjny /
_c
.
710
2
_a
Instytut Łączności.
_e
Wydawca
_4
pbl
260
_a
Warszawa :
_b
IŁ,
_c
1966.
300
_a
22 s.;
_c
34 cm.
999
_c
16051
_d
16051